00353 a2200109 4500001000900000005001700009008004100026245006400067100002500131773007000156999001700226ART_281320260410161710.0260409a 10aElasticidad-ingreso del impuesto a la renta en la Argentina1 aBrodersohn, Mario S.0 tDesarrollo económicog- Vol. 3, Nº 4 (ene./mar. 1964)wREV1174 c15994d15994